Statistics for Marvel Comics Movie Franchises

Click here to take the quiz!

General Stats

  • This quiz has been taken 36,919 times
    (20,188 since last reset)
  • The average score is 13 of 20

Answer Stats

# Movies Latest Character or Team % Correct
32013Iron Man
96%
32018Avengers
94%
32016Captain America
93%
62017Spider-Man
93%
22008Incredible Hulk
92%
32017Thor
91%
12018Black Panther
82%
22018Ant-Man / The Wasp
78%
72018X-Men
77%
22017Guardians of the Galaxy
73%
12016Dr. Strange
65%
32017Wolverine
60%
22018Deadpool
59%
32015Fantastic Four
57%
12003Daredevil
39%
32004Blade
30%
12018Venom
26%
12005Elektra
25%
22008Punisher
23%
22011Ghost Rider
22%

Score Distribution

Percentile by Number Answered

Percent of People with Each Score

Your Score History

You have not taken this quiz since the last reset